Statistics for Pretty Little Liars Theme Song

Click here to take the quiz!

General Stats

  • This quiz has been taken 3,353 times
  • The average score is 6 of 8

Answer Stats

Hint Answer % Correct
Got asecretcan you keep it?
100%
Better lock it,in your pocket---- - - - - -- - - - - --
93%
taking this oneto the grave.- - - -- - - - - - - - -
92%
of them isdead.
83%
- - - -- - - - - - -Swear this oneyou'll save.
63%
Cause two cankeep a secret, if one-- - - - -- - - - - -
57%
- - - - -- - - - - - -won't tell whati said.
57%
- - -- - - - - -- - - - --If i show you,then i know you
53%

Score Distribution

Percentile by Number Answered

Percent of People with Each Score

Your Score History

You have not taken this quiz